000 00568nam a2200181Ia 4500
005 20250923145423.0
008 008 250917s9999 xx 000 0 eng d
037 _aTextual
040 _aDSWL
_beng
_cDSWL
041 _aeng
_2eng
084 _aY73(Q7).2'N4, N62
_qDSWL
100 _aQureshi, I.H.
_9835132
245 0 _aMuslim community of the Indo-Pakistan subcontinent (610-1947)
_c by I.H. Qureshi
260 _aThe
_bNetherlands Mouton & Co
_c1962
300 _a334 p.
942 _cTEXL
_hY73(Q7).2'N4, N62
999 _c1451151
_d1451151